000 00418nam a22001577a 4500
008 230614b |||||||| |||| 00| 0 eng d
040 _aNational Science Library
_cNational Science Library
080 _a629.113
_bK4
100 _aBarnacle, H E
245 _aMechanics of automobiles
260 _aLondon:
_bPergamon Press,
_c1964
300 _a250p.
650 _aScience
653 _aPhysics
942 _2udc
_cBK
999 _c44732
_d44732